| 000 | 00000nam##2200000za#4500 |
| 001 | 9.574595 |
| 003 | CaOODSP |
| 005 | 20241203113634 |
| 007 | cr ||||||||||| |
| 008 | 150406|1997||||xxc|||||o f|0| 0 eng|d |
| 040 | |aCaOODSP|beng |
| 043 | |an-cn--- |
| 086 | 1 |aEn56-119/1-1997-1E-IN |
| 110 | 1 |aCanada. |bEnvironment Canada. |
| 245 | 10|aCanadian Prairies summary|h[electronic resource] |
| 246 | 1 |aClimate change in the Canadian Prairies |
| 260 | |aOttawa - Ontario : |bEnvironment Canada |c1997. |
| 300 | |a14p.|bfig., graphs, map, photographs |
| 490 | 1 |aCanada country study |
| 500 | |aThe catalogue number (En56-119/1-1997-1) and ISBN (0-662-63206-0) for the bilingual print edition have been incorrectly copied in this electronic publication. |
| 590 | |a12-31-Supp|b2012-07-06 |
| 690 | 07|aClimate|2gcpds |
| 690 | 07|aGlobal warming|2gcpds |
| 690 | 07|aEnvironmental impact|2gcpds |
| 775 | 08|tSommaire des provinces des Prairies|w(CaOODSP)9.604336 |
| 776 | 0#|tCanadian prairies summary|w(CaOODSP)9.529336 |
| 776 | 0#|tSommaire des provinces des prairies|w(CaOODSP)9.529337 |
| 830 | #0|aCanada country study.|w(CaOODSP)9.504444 |
| 856 | 40|ahttp://publications.gc.ca|qPDF|s642 KB|uhttps://publications.gc.ca/collections/Collection/En56-119-1-1997-1E.pdf |